Compendio de historia del derecho internacional / (Record no. 163364)

MARC details
000 -LEADER
campo de control de longitud fija 00804nam a22002055i 4500
001 - NÚMERO DE CONTROL
campo de control 163364
003 - IDENTIFICADOR DE NÚMERO DE CONTROL
campo de control ES-MaACL
005 - FECHA Y HORA DE LA ÚLTIMA TRANSACCIÓN
campo de control 20251010183235.0
008 - DATOS DE LONGITUD FIJA--INFORMACIÓN GENERAL
campo de control de longitud fija 991001s1891 sp |||| | spa d
040 ## - FUENTE DE CATALOGACIÓN
Centro catalogador/agencia de origen CCPB | B
Lengua de catalogación spa
Centro/agencia transcriptor CCPB | B
100 1# - ENTRADA PRINCIPAL--NOMBRE DE PERSONA
Nombre de persona Retortillo y Tornos, Alfonso.
9 (RLIN) 96367
245 10 - MENCIÓN DEL TÍTULO
Título Compendio de historia del derecho internacional /
Mención de responsabilidad, etc. por ... Alfonso Retortillo y Tornos ...; precedido de una carta-prólogo del ... Dr. D. Rafael Conde y Luque.
260 ## - PUBLICACIÓN, DISTRIBUCIÓN, ETC.
Lugar de publicación, distribución, etc. Madrid :
Nombre del editor, distribuidor, etc. [s.n.],
Fecha de publicación, distribución, etc. 1891 (
Fabricante Imprenta de Fortanet)
300 ## - DESCRIPCIÓN FÍSICA
Extensión XIX, [1] en bl., 285, [2] p. ;
Dimensiones 18 cm.
597 ## - NOTA DE DESCRIPCIÓN FÍSICA
NOTA DE DESCRIPCIÓN FÍSICA Antep.
650 #4 - PUNTO DE ACCESO ADICIONAL DE MATERIA--TÉRMINO DE MATERIA
Término de materia o nombre geográfico como elemento de entrada Derecho internacional-
Subdivisión general Historia.
9 (RLIN) 11719
700 1# - ENTRADA AGREGADA--NOMBRE PERSONAL
Nombre de persona Conde y Luque, Rafael,
Fechas asociadas al nombre 1835-1922
9 (RLIN) 40134
852 ## - LOCALIZACIÓN
Ubicación ES-MaACL
Número de control de estantería F-12818
Nota libre -- Enc. pasta española
Holdings
Estatus retirado Estado de pérdida Estado de daño No para préstamo Colección Biblioteca de origen Biblioteca actual Ubicación en estantería Fecha de adquisición Fuente de adquisición Total de préstamos Signatura topográfica completa Código de barras Visto por última vez Precio de reemplazo Tipo de ítem Koha
        Libros del s. XIX Biblioteca del Ateneo de Madrid Biblioteca del Ateneo de Madrid Sala Pecera Planta 2 17/01/2008     F-12818 1171190 23/02/2023 23/02/2023 Libro impreso antiguo